Words That Doctors Use - Statistics

General Stats
  • This quiz has been taken 27 times
  • The average score is 7 of 15
Answer Stats
Hint Answer % Correct
Doctor Who Deals With Cancer Oncologist
82%
Spots That Teenagers Get Acne
73%
Body Organ Doctors Take Out When Inflamed (And Doesn't Do Much) Appendix
73%
Body Organ That Stores Bile And Is Right Next To The Liver Gall Bladder
64%
Suffix That Means You're Terrified Of Something Phobia
64%
Disease That Pirates Got From Lack Of Vitamin C That Caused Tooth Loss Scurvy
64%
Skin Condition That Causes Areas Of The Skin To Become Itchy And Red Eczema
55%
Foot Expert Podiatrist
45%
Disease That Can Be Called Hydrophobia Rabies
45%
Doctor For Children Paediatrician
32%
Condition When You Have Too Little Haemoglobin Anaemia
27%
Lumps Associated With Cancer Tumours
27%
The Largest Muscle In The Human Body Gluteus Maximus
23%
Painkiller Made From Willow Trees Aspirin
18%
The First Anaesthetic Ever Created (That Had A Nasty Chance Of Exploding) Ether
18%
No matching quizzes found
Score Distribution
Percent of People with Each Score
Percentile by Number Answered
Your Score History
You have not taken this quiz